WWE Wrestlers Quiz - Statistics

General Stats
  • This quiz has been taken 398 times
  • The average score is 10 of 12
Answer Stats
Hint Answer % Correct
'U Cant C Me' John Cena
94%
'The Viper' Randy Orton
94%
'The Macho Man' Randy Savage
94%
'Hulkamania' Hulk Hogan
92%
'The Dead Man' Undertaker
92%
'619' Rey Mysterio
89%
'The Rated R Superstar' Edge
87%
'The Devil's Favourite Demon' Kane
86%
'The Animal' Batista
85%
'The Rock' Dwayne Johnson
76%
'The Million Dollar Man' Ted Dibiase
69%
'The Big Show' Paul White
24%
No matching quizzes found
Score Distribution
Percent of People with Each Score
Percentile by Number Answered
Your Score History
You have not taken this quiz